QRM : risk retention and the mortgage market /

Bibliographic Details
Main Author: Hoskins, Sean M. (Author)
Format: Government Document Database
Language:English
Published: [Washington, D.C.] : Congressional Research Service, 2018-
Edition:[Library of Congress public edition].
Series:CRS report ; IF10204.
Subjects:
Online Access:https://purl.fdlp.gov/GPO/gpo138004

MARC

Tag First Indicator Second Indicator Subfields
LEADER 00000cai a2200000 i 4500
001 in00004149259
005 20211120105129.0
006 m o d f
007 cr mn|||||||||
008 200526c20189999dcu x w o b f0 2eng c
010 |a  2020246830 
035 |a (OCoLC)on1155481074 
040 |a GPO  |b eng  |e rda  |e pn  |c GPO  |d MvI  |d UtOrBLW 
042 |a pcc 
043 |a n-us--- 
049 |a WWW 
074 |a 0807-A-07 (online) 
086 0 |a LC 14.23:IF 10204/ 
100 1 |a Hoskins, Sean M.,  |e author.  |0 http://id.loc.gov/authorities/names/no2019120517 
245 1 0 |a QRM :  |b risk retention and the mortgage market /  |c Sean M. Hoskins. 
246 1 |a Risk retention and the mortgage market 
246 1 |a Qualified residential mortgage 
250 |a [Library of Congress public edition]. 
264 1 |a [Washington, D.C.] :  |b Congressional Research Service,  |c 2018- 
300 |a 1 online resource. 
310 |a Updated irregularly 
336 |a text  |b txt  |2 rdacontent 
337 |a computer  |b c  |2 rdamedia 
338 |a online resource  |b cr  |2 rdacarrier 
490 1 |a Report / Congressional Research Service ;  |v IF10204 
500 |a The CRS report home page provides access to all versions published since 2018 in accordance with P.L. 115-141; earliest version dated 2014. 
588 |a Description based on contents viewed on May 18, 2020; title from CRS report home page. 
610 1 0 |a United States.  |t Dodd-Frank Wall Street Reform and Consumer Protection Act.  |0 http://id.loc.gov/authorities/names/no2010151934 
650 0 |a Mortgage-backed securities  |z United States.  |0 http://id.loc.gov/authorities/subjects/sh2010102382 
650 0 |a Mortgage loans  |x Government policy  |z United States.  |0 http://id.loc.gov/authorities/subjects/sh2010102384 
650 0 |a Credit analysis  |x Government policy  |z United States. 
650 0 |a Mortgages  |z United States.  |0 http://id.loc.gov/authorities/subjects/sh2008107953 
710 2 |a Library of Congress.  |b Congressional Research Service,  |e issuing body.  |0 http://id.loc.gov/authorities/names/n79061321 
773 0 8 |i Contained in (work):  |t CRS reports (Library of Congress. Congressional Research Service)  |w (DLC) 2018231131  |w (OCoLC)1052784408 
830 0 |a CRS report ;  |v IF10204.  |0 http://id.loc.gov/authorities/names/no2018108464 
856 4 0 |u https://purl.fdlp.gov/GPO/gpo138004  |t 0 
999 f f |s c87a1086-f401-365c-b8cf-28cad7436799  |i b435647c-de40-3c6e-b677-d59019379dc3  |t 0 
952 f f |a Texas A&M University  |b College Station  |c Electronic Resources  |d Available Online  |t 0  |e LC 14.23:IF 10204/  |h Superintendent of Documents classification 
998 f f |a LC 14.23:IF 10204/  |t 0  |l Available Online